Loading...
| Science - Chemistry | 0 | 3 | 0 | 0 | 30 | 73 | 91.67 | 0 | 1 | 4.66 | 10.89 |
| Science - Biology | 0 | 2 | 0 | 0 | 20 | 80 | 99.00 | 0 | 0 | 2.12 | 2.19 |
| Fine Arts - Classical Music | 0 | 1 | 0 | 0 | 10 | 12 | 12.00 | 1 | 1 | 5.57 | 4.17 |
| Mythology | 0 | 1 | 0 | 0 | 10 | 122 | 122.00 | 0 | 0 | 0.64 | 3.13 |
| Philosophy | 0 | 1 | 0 | 1 | 10 | 119 | 119.00 | 0 | 0 | 0.10 | 0.69 |
| Religion | 0 | 1 | 0 | 1 | 10 | 102 | 102.00 | 0 | 0 | 1.46 | 4.17 |
| Science - Physics | 0 | 1 | 0 | 1 | 10 | 99 | 99.00 | 0 | 0 | 1.34 | 1.88 |
| History - World | 0 | 1 | 0 | 0 | 10 | 61 | 61.00 | 0 | 0 | 3.05 | 4.38 |
| Literature - American | 0 | 1 | 0 | 0 | 10 | 90 | 90.00 | 1 | 1 | 2.34 | 6.25 |
| Literature - British | 0 | 1 | 0 | 0 | 10 | 64 | 64.00 | 1 | 1 | 3.37 | 5.63 |
| Literature - European | 0 | 1 | 0 | 0 | 10 | 52 | 52.00 | 0 | 1 | 4.08 | 6.25 |
| Fine Arts - Visual | 0 | 1 | 1 | 0 | 5 | 112 | 112.00 | 0 | 0 | 1.39 | 3.41 |
| History - Other | 0 | 0 | 1 | 0 | -5 | 0.00 | 0 | 0 | 0.00 | 0.00 | |
| Geography/Current Events | 0 | 0 | 1 | 0 | -5 | 0.00 | 0 | 0 | 0.00 | 0.00 | |
| Social Science | 0 | 0 | 2 | 0 | -10 | 0.00 | 0 | 0 | 0.00 | 0.00 |